00749nam a22001937a 450000500170000001000150001702000260003203500140005803700130007208200160008510000220010124501460012326000570026927000820032630000290040849000330043750000600047070000250053020180922110827.0 aENG-124019 c200.00a9788189762575 aEN-107551 bDBAD/PUB a303.6909545 aFernandes, Walter aRethinking autonomy, self-determination and sovereignty:cby Walter Fernandes [and] Bhaswati Borgohainbsearch for peace in northeast india / aGuwahatic2017bNorth Eastern Social Research Centre bGuwahatiaJagriti 2nd Floor, Arunadai Path, GMC Road, Christian Bastie781005 avi,199p.c21(pbk.)bill. aNESRC PEACE STUDIES SERIES-9 aIt includes references, index and publications of NESRC a Borgohain, Bhaswati